[Event "25th Chicago Open"]
[Site "Wheeling, IL"]
[Date "2016.05.27"]
[Round "2"]
[White "Kretchetov, Alexandre"]
[Black "Mitkov, Nikola"]
[Result "1/2-1/2"]
[WhiteElo "2246"]
[BlackElo "2468"]
[PlyCount "187"]
[EventDate "2016.05.??"]
[EventType "swiss"]
[EventRounds "9"]
[EventCountry "USA"]
[Source "MonRoi"]

1. e4 e5 2. Nf3 d6 3. d4 exd4 4. Nxd4 Nf6 5. Nc3 Be7 6. g3 Bg4 7. f3 Bd7 8. Bg2
Nc6 9. O-O O-O 10. Be3 Re8 11. Qd2 Qc8 12. Nde2 Ne5 13. b3 Bh3 14. Nf4 Bxg2 15.
Kxg2 c6 16. h3 b5 17. Nce2 Qb7 18. a4 a6 19. axb5 axb5 20. Bd4 g6 21. Nd3 Rxa1
22. Bxa1 Ned7 23. Bb2 Bf8 24. Ra1 d5 25. exd5 Nxd5 26. Bd4 c5 27. Bf2 Qc6 28.
Ndf4 Nxf4+ 29. Nxf4 Ne5 30. Qd5 Qxd5 31. Nxd5 Rd8 32. Rd1 Nc6 33. Nf6+ Kg7 34.
Rxd8 Nxd8 35. Ne8+ Kg8 36. Nc7 b4 37. f4 f5 38. Kf3 Kf7 39. Ke2 Nb7 40. Kd3 Ke7
41. Nd5+ Kd6 42. Ne3 Kc6 43. Nc4 Bd6 44. Be1 Nd8 45. Bf2 Nf7 46. Be3 Bc7 47.
Bc1 h5 48. Be3 Kd5 49. Bd2 Bd8 50. h4 Bf6 51. Be3 Be7 52. Nb6+ Kc6 53. Nc4 Bd6
54. Bf2 Bc7 55. Be1 Kd5 56. Ne3+ Kc6 57. Nc4 Nh6 58. Ne3 Ng8 59. c3 bxc3 60.
Bxc3 Ne7 61. b4 cxb4 62. Bxb4 Ng8 63. Bc3 Nh6 64. Bd4 Nf7 65. Nc4 Kd5 66. Ne3+
Ke6 67. Ke2 Ba5 68. Nc4 Bc7 69. Ne3 Bd6 70. Kf3 Bb4 71. Nc4 Bd6 72. Ne3 Bc7 73.
Ke2 Bd8 74. Nc4 Bc7 75. Ne3 Nh6 76. Kf3 Bd6 77. Bg7 Nf7 78. Bd4 Bb8 79. Ke2 Bc7
80. Kf3 Nd8 81. Bc3 Nc6 82. Ke2 Bb8 83. Kf3 Bd6 84. Ke2 Bc5 85. Nc4 Bd6 86. Kf3
Bc7 87. Ne3 Na7 88. Nc4 Nb5 89. Be5 Bd8 90. Bb2 Nc7 91. Ne5 Bf6 92. Nd3 Be7 93.
Ne5 Bf6 94. Nd3 1/2-1/2

[Event "25th Chicago Open"]
[Site "Wheeling, IL"]
[Date "2016.05.27"]
[Round "2"]
[White "Song, Edward"]
[Black "Shabalov, Alexander"]
[Result "0-1"]
[WhiteElo "2303"]
[BlackElo "2533"]
[PlyCount "62"]
[EventDate "2016.05.??"]
[EventType "swiss"]
[EventRounds "9"]
[EventCountry "USA"]
[Source "MonRoi"]

1. e4 c5 2. Nf3 d6 3. d4 cxd4 4. Nxd4 Nf6 5. Nc3 Nc6 6. Bg5 e6 7. Qd2 a6 8.
O-O-O Bd7 9. f3 Be7 10. h4 Qc7 11. Kb1 h6 12. Be3 h5 13. Nxc6 bxc6 14. Bg5 d5
15. e5 Ng8 16. Bxe7 Nxe7 17. Qg5 Rb8 18. b3 c5 19. Ne2 a5 20. Nf4 a4 21. Nxh5
c4 22. Nxg7+ Kd8 23. Bxc4 Qxc4 24. Qf6 Rf8 25. Nh5 axb3 26. cxb3 Rxb3+ 27. axb3
Qxb3+ 28. Kc1 Qc3+ 29. Kb1 Kc7 30. Rc1 Rb8+ 31. Ka2 Ra8+ 0-1

[Event "25th Chicago Open"]
[Site "Wheeling, IL"]
[Date "2016.05.27"]
[Round "2"]
[White "Iwu, Okechukwu"]
[Black "Sarkar, Justin"]
[Result "1/2-1/2"]
[WhiteElo "2132"]
[BlackElo "2430"]
[PlyCount "20"]
[EventDate "2016.05.??"]
[EventType "swiss"]
[EventRounds "9"]
[EventCountry "USA"]
[Source "MonRoi"]

1. d4 Nf6 2. Nf3 c5 3. d5 e6 4. Nc3 b5 5. dxe6 fxe6 6. Nxb5 d5 7. e3 a6 8. Nc3
Nc6 9. Be2 Be7 10. O-O O-O 1/2-1/2

[Event "25th Chicago Open"]
[Site "Wheeling, IL"]
[Date "2016.05.27"]
[Round "2"]
[White "Mulyar, Michael"]
[Black "Clayton, Ryan"]
[Result "1-0"]
[WhiteElo "2388"]
[BlackElo "2175"]
[PlyCount "71"]
[EventDate "2016.05.??"]
[EventType "swiss"]
[EventRounds "9"]
[EventCountry "USA"]
[Source "MonRoi"]

1. d4 Nf6 2. Nf3 e6 3. c4 Be7 4. g3 O-O 5. Bg2 c5 6. O-O cxd4 7. Nxd4 Nc6 8.
Nc3 Qa5 9. Nc2 a6 10. Bd2 Qh5 11. e4 Qg6 12. Bf4 e5 13. Be3 b5 14. c5 Ng4 15.
Nd5 Nxe3 16. Nxe7+ Nxe7 17. Nxe3 Qc6 18. Nf5 Qf6 19. Nd6 a5 20. f4 Ba6 21. Qd2
b4 22. Rf2 Nc8 23. Qd5 Ne7 24. fxe5 Qe6 25. Qxe6 dxe6 26. Bh3 Nc6 27. Nxf7 Rxf7
28. Bxe6 Nxe5 29. Rf5 Bc4 30. Rxe5 Bxe6 31. Rxe6 Rd8 32. Rd6 Re8 33. c6 Rxe4
34. Rd8+ Rf8 35. c7 Rc4 36. Rf1 1-0

[Event "25th Chicago Open"]
[Site "Wheeling, IL"]
[Date "2016.05.27"]
[Round "2"]
[White "Andrenko, Iryna"]
[Black "Colas, Joshua"]
[Result "1-0"]
[WhiteElo "2214"]
[BlackElo "2387"]
[PlyCount "55"]
[EventDate "2016.05.??"]
[EventType "swiss"]
[EventRounds "9"]
[EventCountry "USA"]
[Source "MonRoi"]

1. e4 c5 2. Nf3 e6 3. d4 cxd4 4. Nxd4 a6 5. Nc3 Qc7 6. g3 Nf6 7. Bg2 Nc6 8. O-O
Be7 9. a4 O-O 10. Kh1 d6 11. f4 Bd7 12. h3 Nxd4 13. Qxd4 Bc6 14. a5 Nd7 15. Be3
Rac8 16. Qd2 Bf6 17. Rfd1 Bxc3 18. Qxc3 Nf6 19. Bb6 Qb8 20. Qe3 Nd7 21. c4 Rfe8
22. Rd2 Nxb6 23. Qxb6 f5 24. Rad1 Bxe4 25. Rxd6 Bxg2+ 26. Kxg2 Rxc4 27. Rd8
Rc2+ 28. Kg1 1-0

[Event "25th Chicago Open"]
[Site "Wheeling, IL"]
[Date "2016.05.27"]
[Round "2"]
[White "Zaloznyy, Mike"]
[Black "Santarius, Erik"]
[Result "1-0"]
[WhiteElo "2170"]
[BlackElo "2302"]
[PlyCount "79"]
[EventDate "2016.05.??"]
[EventType "swiss"]
[EventRounds "9"]
[EventCountry "USA"]
[Source "MonRoi"]

1. e4 c6 2. Bc4 d5 3. Bb3 e6 4. Qe2 Nf6 5. exd5 cxd5 6. Nf3 Nc6 7. d4 Bd6 8. c3
O-O 9. O-O Qc7 10. Re1 Ne4 11. Nbd2 Nxd2 12. Bxd2 Bd7 13. Bc2 Bf4 14. Ne5 Bxd2
15. Qd3 g6 16. Qxd2 Nxe5 17. dxe5 f6 18. Qh6 f5 19. h4 b5 20. Rad1 b4 21. Rd3
Rac8 22. Bb3 bxc3 23. Rxc3 Qa5 24. h5 Rxc3 25. hxg6 Rh3 26. gxh7+ Kf7 27. Qf6+
Ke8 28. Qg6+ Rf7 29. Qg8+ Rf8 30. Re3 Rxe3 31. Qxf8+ Kxf8 32. h8=Q+ Kf7 33.
Qh5+ Kf8 34. Qh6+ Kf7 35. Qh5+ Kf8 36. Qh6+ Kf7 37. Qxe3 Qb4 38. Bd1 f4 39.
Qxa7 Ke7 40. Qa3 1-0

[Event "25th Chicago Open"]
[Site "Wheeling, IL"]
[Date "2016.05.27"]
[Round "2"]
[White "Johnston, Daniel"]
[Black "Haessel, Dale"]
[Result "1-0"]
[WhiteElo "1929"]
[BlackElo "2234"]
[PlyCount "63"]
[EventDate "2016.05.??"]
[EventType "swiss"]
[EventRounds "9"]
[EventCountry "USA"]
[Source "MonRoi"]

1. e4 e5 2. Nf3 Nc6 3. Bb5 a6 4. Ba4 Nf6 5. O-O Be7 6. d3 b5 7. Bb3 d6 8. a3
O-O 9. Nc3 h6 10. h3 Re8 11. Nd5 Bb7 12. c3 Bf8 13. Nh2 Nxd5 14. Bxd5 Rb8 15.
f4 Na7 16. Ba2 d5 17. fxe5 Rxe5 18. Ng4 Re7 19. Be3 Nc8 20. Bc5 Rd7 21. Bxf8
Qxf8 22. Ne5 Qd6 23. Nxd7 Qxd7 24. e5 Nb6 25. Qh5 Re8 26. Rf4 Na4 27. Raf1 Re7
28. d4 Nxb2 29. Rg4 Nc4 30. Rf6 Re6 31. Qxh6 Rxf6 32. Qxg7# 1-0

[Event "25th Chicago Open"]
[Site "Wheeling, IL"]
[Date "2016.05.27"]
[Round "2"]
[White "Nyzhnyk, Illia"]
[Black "Ramer, Scott"]
[Result "1-0"]
[WhiteElo "2622"]
[BlackElo "2207"]
[PlyCount "69"]
[EventDate "2016.05.??"]
[EventType "swiss"]
[EventRounds "9"]
[EventCountry "USA"]
[Source "MonRoi"]

1. e4 c5 2. Nf3 e6 3. d4 cxd4 4. Nxd4 a6 5. Bd3 Bc5 6. Nb3 Be7 7. Qg4 g6 8. O-O
d6 9. Nc3 Nf6 10. Qg3 O-O 11. Bh6 Re8 12. f4 Nbd7 13. Rad1 Qc7 14. a4 b6 15.
Qh3 Bf8 16. Bxf8 Rxf8 17. g4 Bb7 18. g5 Nh5 19. Be2 Ng7 20. Qd3 d5 21. exd5
exd5 22. Nxd5 Bxd5 23. Qxd5 Rad8 24. Qc4 Qb8 25. Nd4 b5 26. axb5 Rfe8 27. Nc6
Qb6+ 28. Qd4 Rc8 29. Qxb6 Nxb6 30. Nd4 Nd5 31. bxa6 Ne3 32. Bf3 Nxf1 33. Kxf1
Nh5 34. a7 Nxf4 35. Ra1 1-0

[Event "25th Chicago Open"]
[Site "Wheeling, IL"]
[Date "2016.05.27"]
[Round "3.1"]
[White "Stukopin, Andrey"]
[Black "Li, Ruifeng"]
[Result "1/2-1/2"]
[WhiteElo "2595"]
[BlackElo "2517"]
[PlyCount "79"]
[EventDate "2016.05.??"]
[EventType "swiss"]
[EventRounds "9"]
[EventCountry "USA"]
[Source "MonRoi"]
[WhiteClock "0:00:25"]
[BlackClock "0:05:15"]

1. e4 c5 2. Nf3 d6 3. d4 cxd4 4. Nxd4 Nf6 5. Nc3 a6 6. Be2 e5 7. Nb3 Be7 8. O-O
O-O 9. f4 Nbd7 10. a4 b6 11. Bf3 Bb7 12. Qe1 b5 13. Nd5 Nxd5 14. exd5 f5 15.
fxe5 dxe5 16. Na5 e4 17. Nxb7 Qb6+ 18. Be3 Qxb7 19. Be2 Qxd5 20. Qd1 Nf6 21. c4
Qe5 22. Qd4 Qxd4 23. Bxd4 Rfd8 24. Be3 bxa4 25. Rxf5 Rab8 26. c5 Rxb2 27. Bc4+
Kh8 28. h3 Rc2 29. Rxa4 Rc3 30. Kf2 Rc2+ 31. Kg1 Rc3 32. Kf2 Rc2+ 33. Be2 Rd5
34. Rxd5 Nxd5 35. Rxe4 Kg8 36. c6 Nxe3 37. Rxe7 Nf5 38. Ra7 Nd4 39. Ke3 Nxc6
40. Rxa6 1/2-1/2

[Event "25th Chicago Open"]
[Site "Wheeling, IL"]
[Date "2016.05.27"]
[Round "3.2"]
[White "Boros, Denes"]
[Black "Zherebukh, Yaroslav"]
[Result "0-1"]
[WhiteElo "2459"]
[BlackElo "2595"]
[PlyCount "68"]
[EventDate "2016.05.??"]
[EventType "swiss"]
[EventRounds "9"]
[EventCountry "USA"]
[Source "MonRoi"]
[WhiteClock "0:00:21"]
[BlackClock "0:21:56"]

1. Nf3 Nf6 2. c4 e6 3. g3 b6 4. Bg2 Bb7 5. O-O g6 6. Qc2 Bg7 7. b4 O-O 8. Bb2
c5 9. b5 d5 10. Ne5 a6 11. a4 Nbd7 12. Na3 Rc8 13. Nxd7 Qxd7 14. bxa6 Bxa6 15.
Be5 Ne8 16. Bxg7 Nxg7 17. Rfb1 Rb8 18. Ra2 Nf5 19. e3 Ne7 20. Rab2 Nc6 21. d4
Nb4 22. Qc3 Qxa4 23. h4 Rfc8 24. h5 Qe8 25. cxd5 exd5 26. Bh3 Rd8 27. h6 Qf8
28. dxc5 bxc5 29. Nc2 Qxh6 30. Qxc5 Bd3 31. Rxb4 Rxb4 32. Qxb4 Qxh3 33. Qe7 Rf8
34. Rc1 Be4 0-1

[Event "25th Chicago Open"]
[Site "Wheeling, IL"]
[Date "2016.05.27"]
[Round "3.3"]
[White "Brown, Michael"]
[Black "Petrosian, Tigran"]
[Result "0-1"]
[WhiteElo "2418"]
[BlackElo "2593"]
[PlyCount "68"]
[EventDate "2016.05.??"]
[EventType "swiss"]
[EventRounds "9"]
[EventCountry "USA"]
[Source "MonRoi"]
[WhiteClock "0:04:41"]
[BlackClock "0:03:28"]

1. d4 d6 2. Nf3 g6 3. c4 f5 4. g3 Nf6 5. Bg2 Bg7 6. O-O O-O 7. Nc3 c6 8. d5 e5
9. dxe6 Bxe6 10. b3 Na6 11. Bf4 Nh5 12. Qd2 Nxf4 13. gxf4 Qf6 14. Rac1 Bf7 15.
Rfd1 Rad8 16. Ng5 Rfe8 17. Na4 Qe7 18. Nxf7 Kxf7 19. Bf3 Qh4 20. b4 Bh6 21. e3
g5 22. fxg5 Bxg5 23. b5 f4 24. e4 Nc7 25. bxc6 bxc6 26. Qa5 Ne6 27. Qf5+ Bf6
28. Bh5+ Ke7 29. Bxe8 Ng7 30. Qa5 f3 31. Qxa7+ Kxe8 32. Rc3 Qh3 33. Rxf3 Qxf3
34. Re1 Ne6 0-1

[Event "25th Chicago Open"]
[Site "Wheeling, IL"]
[Date "2016.05.27"]
[Round "3.4"]
[White "Ju, Wenjun"]
[Black "Bregadze, Levan"]
[Result "1/2-1/2"]
[WhiteElo "2559"]
[BlackElo "2467"]
[PlyCount "188"]
[EventDate "2016.05.??"]
[EventType "swiss"]
[EventRounds "9"]
[EventCountry "USA"]
[Source "MonRoi"]
[WhiteClock "0:02:34"]
[BlackClock "0:41:40"]

1. c4 Nf6 2. d4 g6 3. g3 Bg7 4. Bg2 O-O 5. Nc3 d6 6. Nf3 c5 7. O-O Nc6 8. dxc5
dxc5 9. Be3 Be6 10. Bxc5 Qa5 11. Ba3 Bxc4 12. Nd2 Be6 13. Bxc6 bxc6 14. Bxe7
Rfe8 15. Bxf6 Bxf6 16. Nde4 Bg7 17. Qd6 Qb6 18. Qf4 Qxb2 19. Rab1 Qa3 20. Nf6+
Bxf6 21. Qxf6 Bh3 22. Rb7 Qf8 23. Rd1 Be6 24. Rc7 Rec8 25. Rb7 Rcb8 26. Rxb8
Rxb8 27. Qd4 Qa3 28. Qe5 Rc8 29. Ne4 h6 30. Nf6+ Kf8 31. Nh7+ Kg8 32. Nf6+ Kf8
33. h4 Qa4 34. Nh7+ Kg8 35. Nf6+ Kf8 36. Rd2 Qb5 37. Nh7+ Kg8 38. Nf6+ Kf8 39.
Qd6+ Kg7 40. Qd4 Kf8 41. Nh7+ Kg8 42. Nf6+ Kf8 43. Rb2 Qc4 44. Qd6+ Kg7 45. Qe5
Kf8 46. Rb7 Rd8 47. Nd5 Kg8 48. Nf4 Bd5 49. Nxd5 Qxd5 50. Qxd5 Rxd5 51. Rxa7 h5
52. f3 c5 53. Kf2 c4 54. Ra3 Rd2 55. Ke3 c3 56. Ra7 Rd6 57. Rc7 Ra6 58. Rxc3
Rxa2 59. Rd3 Kg7 60. Rd2 Ra4 61. Rd4 Ra2 62. Kd3 Ra1 63. Ke3 Ra2 64. Re4 Ra1
65. Kf4 Ra6 66. Rb4 Rf6+ 67. Ke3 Ra6 68. Rb3 Ra4 69. Rd3 Ra6 70. Kf2 Ra2 71.
Rd7 Kf6 72. Rb7 Kg7 73. f4 Ra1 74. Kf3 Rf1+ 75. Ke4 Rg1 76. Rb3 Kf6 77. Rd3 Ra1
78. Rc3 Rf1 79. Rd3 Rf2 80. Ke3 Rf1 81. Rc3 Kf5 82. Rc7 Kf6 83. Ke4 Rg1 84. Kf3
Rf1+ 85. Kg2 Ra1 86. e3 Ke6 87. e4 Ra2+ 88. Kh3 Rf2 89. Rc6+ Ke7 90. Rc1 Re2
91. e5 Kf8 92. Rg1 f6 93. Rg2 Re3 94. exf6 Kf7 1/2-1/2

[Event "25th Chicago Open"]
[Site "Wheeling, IL"]
[Date "2016.05.27"]
[Round "3"]
[White "Kavutskiy, Konstantin"]
[Black "Belous, Vladimir"]
[Result "0-1"]
[WhiteElo "2365"]
[BlackElo "2557"]
[PlyCount "130"]
[EventDate "2016.05.??"]
[EventType "swiss"]
[EventRounds "9"]
[EventCountry "USA"]
[Source "MonRoi"]

1. d4 Nf6 2. c4 g6 3. Nc3 Bg7 4. e4 O-O 5. Nge2 d6 6. f3 c5 7. d5 Nbd7 8. Ng3
h5 9. Be2 Nh7 10. Be3 Ne5 11. O-O e6 12. Qd2 exd5 13. cxd5 a6 14. a4 h4 15. Nh1
f5 16. Nf2 Rb8 17. Rab1 Qa5 18. Bh6 Qb4 19. Bxg7 Kxg7 20. f4 Nf7 21. Rbe1 Bd7
22. Bd3 Rbe8 23. Bc2 Nf6 24. Kh1 fxe4 25. Nfxe4 Nxe4 26. Rxe4 Rxe4 27. Bxe4 Nh6
28. Qf2 Re8 29. Bb1 Bf5 30. Qxh4 Qxb2 31. Re1 Rxe1+ 32. Qxe1 Bxb1 33. Nxb1 Qd4
34. Qc3 Nf5 35. g3 b5 36. axb5 axb5 37. Kg2 Qxc3 38. Nxc3 b4 39. Nb5 b3 40. Kf2
c4 41. Nc3 b2 42. Ke2 Ne7 43. Kd2 Nxd5 44. Nb1 Kf6 45. Kc2 c3 46. g4 Ke6 47. h4
Ne3+ 48. Kxc3 Nxg4 49. Kxb2 Kf5 50. Kc3 Kxf4 51. Kd4 Nf6 52. Nd2 Kg4 53. Nc4
Ne8 54. Kd5 Kxh4 55. Ke6 g5 56. Ne3 g4 57. Ke7 Kg5 58. Ng2 d5 59. Ke6 Nf6 60.
Ke5 g3 61. Ne1 Kg4 62. Kxf6 d4 63. Ke5 d3 64. Nxd3 g2 65. Nf2+ Kh4 0-1

[Event "25th Chicago Open"]
[Site "Wheeling, IL"]
[Date "2016.05.27"]
[Round "3"]
[White "Schmakel, Sam"]
[Black "Chirila, Ioan"]
[Result "0-1"]
[WhiteElo "2349"]
[BlackElo "2530"]
[PlyCount "64"]
[EventDate "2016.05.??"]
[EventType "swiss"]
[EventRounds "9"]
[EventCountry "USA"]
[Source "MonRoi"]

1. d4 Nf6 2. c4 g6 3. Nc3 d5 4. Nf3 Bg7 5. Qb3 dxc4 6. Qxc4 O-O 7. e4 Bg4 8.
Be3 Nfd7 9. Qb3 Nb6 10. Rd1 Nc6 11. d5 Ne5 12. Be2 Nxf3+ 13. gxf3 Bh5 14. Rg1
Qc8 15. Rg3 Rd8 16. a4 c6 17. a5 Nd7 18. a6 bxa6 19. dxc6 Qxc6 20. Nd5 Qe6 21.
Qa3 Be5 22. Nxe7+ Kh8 23. Nd5 Nf6 24. Rg5 Nxd5 25. exd5 Rxd5 26. Rxd5 Qxd5 27.
Qe7 f5 28. Bc4 Qa5+ 29. Ke2 Bg7 30. Rg1 f4 31. Bxf4 Qf5 32. Be3 Qc2+ 0-1

[Event "25th Chicago Open"]
[Site "Wheeling, IL"]
[Date "2016.05.27"]
[Round "3"]
[White "Shimanov, Alex"]
[Black "Kiewra, Keaton"]
[Result "1-0"]
[WhiteElo "2631"]
[BlackElo "2425"]
[PlyCount "59"]
[EventDate "2016.05.??"]
[EventType "swiss"]
[EventRounds "9"]
[EventCountry "USA"]
[Source "MonRoi"]

1. d4 d5 2. Bf4 Nf6 3. e3 c5 4. Nf3 Nc6 5. Nbd2 Qb6 6. dxc5 Qxc5 7. a3 Nh5 8.
Bc7 e6 9. c4 Qe7 10. Be5 Nf6 11. Bc3 Qd8 12. Qc2 Be7 13. Bd3 Bd7 14. cxd5 exd5
15. O-O h6 16. b4 Rc8 17. Qb2 O-O 18. Rac1 Bg4 19. h3 Be6 20. Rfd1 Qb6 21. Nb3
a6 22. Nc5 Bxc5 23. Bxf6 Bxe3 24. Bxg7 Bxc1 25. Rxc1 d4 26. Bxh6 Rfe8 27. Qd2
Ne7 28. Qg5+ Ng6 29. Qf6 Rxc1+ 30. Kh2 1-0

[Event "25th Chicago Open"]
[Site "Wheeling, IL"]
[Date "2016.05.27"]
[Round "3"]
[White "Avrukh, Boris"]
[Black "Vazquez, Guillermo"]
[Result "1-0"]
[WhiteElo "2598"]
[BlackElo "2401"]
[PlyCount "53"]
[EventDate "2016.05.??"]
[EventType "swiss"]
[EventRounds "9"]
[EventCountry "USA"]
[Source "MonRoi"]

1. d4 Nf6 2. c4 e6 3. g3 d5 4. Bg2 dxc4 5. Nf3 Nc6 6. Qa4 Bb4+ 7. Bd2 Nd5 8.
Bxb4 Ndxb4 9. Nc3 Bd7 10. O-O a5 11. Qd1 O-O 12. e3 a4 13. Nxa4 Nxd4 14. Qxd4
Bxa4 15. Qxc4 Qe7 16. Rac1 Rfc8 17. Nd4 c5 18. a3 Nd5 19. Nf5 Qd7 20. Bxd5 exf5
21. Rc3 Rc7 22. Rfc1 b5 23. Qd3 Rac8 24. b3 b4 25. axb4 Bb5 26. Bc4 Qxd3 27.
Bxd3 1-0

[Event "25th Chicago Open"]
[Site "Wheeling, IL"]
[Date "2016.05.27"]
[Round "3"]
[White "Panjwani, Raja"]
[Black "Durarbayli, Vasif"]
[Result "0-1"]
[WhiteElo "2393"]
[BlackElo "2596"]
[PlyCount "78"]
[EventDate "2016.05.??"]
[EventType "swiss"]
[EventRounds "9"]
[EventCountry "USA"]
[Source "MonRoi"]

1. Nf3 c5 2. c4 Nc6 3. g3 g6 4. Bg2 Bg7 5. Nc3 e6 6. d4 Nxd4 7. Nxd4 cxd4 8.
Nb5 Qb6 9. Qa4 a6 10. e3 Ne7 11. Nxd4 O-O 12. O-O d5 13. Bd2 dxc4 14. Ba5 Qc5
15. Rac1 b5 16. Bb4 Qa7 17. Qa3 Nd5 18. Nc6 Qc7 19. Ne7+ Nxe7 20. Bxe7 Bb7 21.
Bxf8 Bxf8 22. Qc3 Bxg2 23. Kxg2 Rc8 24. Rfd1 a5 25. b3 Bg7 26. Qc2 Qc6+ 27. f3
c3 28. Qe4 Qc7 29. b4 Bf6 30. Kf2 Qa7 31. bxa5 Qxa5 32. Rc2 Rc4 33. Qd3 h5 34.
Rb1 Kg7 35. Rb3 Rc5 36. a3 g5 37. Rb4 Qxa3 38. Rxb5 Qa6 39. Rxc3 Qxb5 0-1

[Event "25th Chicago Open"]
[Site "Wheeling, IL"]
[Date "2016.05.27"]
[Round "3"]
[White "Moradiabadi, Elshan"]
[Black "Shetty, Atulya"]
[Result "1-0"]
[WhiteElo "2594"]
[BlackElo "2366"]
[PlyCount "77"]
[EventDate "2016.05.??"]
[EventType "swiss"]
[EventRounds "9"]
[EventCountry "USA"]
[Source "MonRoi"]

1. Nf3 d5 2. g3 c5 3. Bg2 Nc6 4. c4 Nf6 5. cxd5 Nxd5 6. Nc3 Nc7 7. O-O e5 8. a3
Bd6 9. e3 O-O 10. d3 Be7 11. b3 Be6 12. Bb2 f6 13. Qc2 Rc8 14. Rab1 Qe8 15. Ne4
Nd5 16. Rfe1 Qf7 17. Rbc1 Rfd8 18. Qb1 Na5 19. Nfd2 Nb6 20. Nxc5 Bxc5 21. b4
Ba2 22. Qa1 Rxd3 23. bxc5 Na4 24. Ne4 Bc4 25. Nd6 Rxd6 26. cxd6 Nb3 27. Rxc4
Qxc4 28. Qb1 Nd2 29. Rc1 Qg4 30. Rxc8+ Qxc8 31. Qd1 Nxb2 32. Qxd2 Na4 33. d7
Qd8 34. Qd5+ Kf8 35. Qd6+ Kf7 36. Bd5+ Kg6 37. Bxb7 Nb6 38. Bc6 a5 39. Qe6 1-0

[Event "25th Chicago Open"]
[Site "Wheeling, IL"]
[Date "2016.05.27"]
[Round "3"]
[White "Macieja, Bartlomiej"]
[Black "Rosen, Eric"]
[Result "0-1"]
[WhiteElo "2554"]
[BlackElo "2392"]
[PlyCount "35"]
[EventDate "2016.05.??"]
[EventType "swiss"]
[EventRounds "9"]
[EventCountry "USA"]
[Source "MonRoi"]

1. e4 c5 2. Nf3 e6 3. d4 cxd4 4. Nxd4 Nc6 5. Nc3 Qc7 6. Be2 a6 7. O-O Nf6 8.
Be3 Bb4 9. Na4 O-O 10. c4 Be7 11. c5 Nxe4 12. Rc1 Rb8 13. g3 g6 14. Bf3 Nf6 15.
Nb6 Rd8 16. Nb3 d6 17. cxd6 Bxd6 18. Qe2 0-1

[Event "25th Chicago Open"]
[Site "Wheeling, IL"]
[Date "2016.05.27"]
[Round "3"]
[White "Shabalov, Alexander"]
[Black "Vibbert, Sean"]
[Result "1/2-1/2"]
[WhiteElo "2533"]
[BlackElo "2350"]
[PlyCount "80"]
[EventDate "2016.05.??"]
[EventType "swiss"]
[EventRounds "9"]
[EventCountry "USA"]
[Source "MonRoi"]

1. Nf3 Nf6 2. g3 b5 3. Bg2 Bb7 4. O-O e6 5. a4 b4 6. a5 Be7 7. c4 O-O 8. d4 c5
9. d5 exd5 10. Nh4 Ne4 11. cxd5 Bxh4 12. Bxe4 f5 13. Bg2 Bf6 14. Qc2 Na6 15.
Nd2 Kh8 16. Nc4 d6 17. Bf4 Be7 18. Rfe1 Nc7 19. Rad1 Ba6 20. e4 Bxc4 21. Qxc4
fxe4 22. Bxe4 Bg5 23. Be3 Bxe3 24. Rxe3 Qf6 25. Rd2 Rab8 26. Kg2 Nb5 27. Qd3 g6
28. Rf3 Qg7 29. Rxf8+ Qxf8 30. h4 Qf6 31. h5 Kg7 32. hxg6 hxg6 33. Qe2 Nd4 34.
Qg4 Re8 35. Rd3 Re7 36. a6 Rf7 37. Rd2 Re7 38. Rd3 Rc7 39. Rd1 Rf7 40. Rd2 Re7
1/2-1/2

[Event "25th Chicago Open"]
[Site "Wheeling, IL"]
[Date "2016.05.27"]
[Round "3"]
[White "Tan, Justin"]
[Black "Kretchetov, Alexandre"]
[Result "1-0"]
[WhiteElo "2469"]
[BlackElo "2246"]
[PlyCount "97"]
[EventDate "2016.05.??"]
[EventType "swiss"]
[EventRounds "9"]
[EventCountry "USA"]
[Source "MonRoi"]

1. e4 e5 2. Nf3 Nc6 3. Bc4 Bc5 4. c3 Nf6 5. d3 a6 6. O-O d6 7. Bb3 Ba7 8. Nbd2
O-O 9. h3 Re8 10. Ng5 Rf8 11. Ngf3 Re8 12. Re1 h6 13. Nf1 Be6 14. Be3 d5 15.
Bxa7 Rxa7 16. Qc2 Qd7 17. Ng3 Raa8 18. Rad1 Rad8 19. d4 exd4 20. e5 Ne4 21.
Nxe4 dxe4 22. Nxd4 Nxd4 23. Rxd4 Qc6 24. Qxe4 Qxe4 25. Rdxe4 Bxb3 26. axb3 Rd2
27. R1e2 Red8 28. f3 Kf8 29. Kf2 R2d3 30. e6 fxe6 31. Rxe6 R8d7 32. b4 Kf7 33.
g4 Rd1 34. Kg2 R1d3 35. h4 Rd2 36. Kg3 Rxb2 37. R2e5 Rb1 38. g5 hxg5 39. hxg5
Rg1+ 40. Kf4 Rd5 41. Re7+ Kf8 42. Re8+ Kf7 43. Rxd5 Kxe8 44. Kf5 Re1 45. Kg6
Kf8 46. Rd8+ Re8 47. Rxe8+ Kxe8 48. Kxg7 b6 49. f4 1-0

[Event "25th Chicago Open"]
[Site "Wheeling, IL"]
[Date "2016.05.27"]
[Round "3"]
[White "Zhang, Yuanchen"]
[Black "Nyzhnyk, Illia"]
[Result "0-1"]
[WhiteElo "2262"]
[BlackElo "2622"]
[PlyCount "114"]
[EventDate "2016.05.??"]
[EventType "swiss"]
[EventRounds "9"]
[EventCountry "USA"]
[Source "MonRoi"]

1. e4 c5 2. Nf3 d6 3. d4 cxd4 4. Nxd4 Nf6 5. Nc3 a6 6. h3 e5 7. Nde2 h5 8. Bg5
Be7 9. Ng3 g6 10. h4 Be6 11. Qd2 Nbd7 12. Be2 Rc8 13. O-O-O b5 14. Kb1 Qa5 15.
Nd5 Qxd2 16. Nxf6+ Bxf6 17. Rxd2 Bxg5 18. hxg5 Ke7 19. Nf1 Nf8 20. g3 Nh7 21.
f4 f6 22. Ne3 fxg5 23. f5 gxf5 24. exf5 Bf7 25. Bxh5 Bxh5 26. Nd5+ Kf7 27. Rxh5
Nf6 28. Rxh8 Rxh8 29. a4 Rh1+ 30. Ka2 Ne4 31. Rg2 Rd1 32. Ne3 Re1 33. axb5 axb5
34. Nd5 g4 35. Rh2 Nf6 36. Nc7 b4 37. Rg2 Re3 38. Na6 Ne4 39. Nxb4 Rxg3 40. Re2
Nf6 41. Nc6 Rf3 42. b4 g3 43. Kb2 Nd5 44. Rg2 Nf4 45. Rg1 Ne2 46. b5 Nxg1 47.
b6 g2 48. b7 Ne2 49. b8=Q g1=Q 50. Qc7+ Kf6 51. Qxd6+ Kxf5 52. Qxe5+ Kg4 53.
Qe4+ Kg3 54. Qxe2 Qb6+ 55. Kc1 Qxc6 56. Qe5+ Kg2 57. Qe2+ Kg1 0-1

[Event "25th Chicago Open"]
[Site "Wheeling, IL"]
[Date "2016.05.27"]
[Round "3"]
[White "Sarkar, Justin"]
[Black "Adamson, Robby"]
[Result "1-0"]
[WhiteElo "2430"]
[BlackElo "2251"]
[PlyCount "83"]
[EventDate "2016.05.??"]
[EventType "swiss"]
[EventRounds "9"]
[EventCountry "USA"]
[Source "MonRoi"]

1. d4 d5 2. c4 e6 3. Nc3 c6 4. e4 dxe4 5. Nxe4 Bb4+ 6. Bd2 Qxd4 7. Bxb4 Qxe4+
8. Ne2 Na6 9. Bf8 Ne7 10. Bxg7 Nb4 11. Qd6 Nd3+ 12. Kd2 Nf5 13. Qxd3 Qxd3+ 14.
Kxd3 Nxg7 15. Kc3 c5 16. g3 b6 17. Bg2 Rb8 18. g4 Bb7 19. Bxb7 Rxb7 20. Ng3 Ke7
21. Rad1 h5 22. g5 h4 23. Ne4 Nf5 24. a3 h3 25. Rhe1 Rh4 26. b4 cxb4+ 27. axb4
Rd7 28. Rxd7+ Kxd7 29. Nf6+ Kc7 30. g6 fxg6 31. Rxe6 Nd6 32. f4 g5 33. c5 bxc5
34. bxc5 Nb5+ 35. Kc4 Na3+ 36. Kd3 gxf4 37. Ra6 Nb5 38. Kc4 f3+ 39. Kxb5 f2 40.
Nd5+ Kd8 41. Rf6 a6+ 42. Kc6 1-0

[Event "25th Chicago Open"]
[Site "Wheeling, IL"]
[Date "2016.05.27"]
[Round "3"]
[White "Song, Terry"]
[Black "Mulyar, Michael"]
[Result "1/2-1/2"]
[WhiteElo "2215"]
[BlackElo "2388"]
[PlyCount "45"]
[EventDate "2016.05.??"]
[EventType "swiss"]
[EventRounds "9"]
[EventCountry "USA"]
[Source "MonRoi"]

1. e4 e5 2. Nf3 Nc6 3. Nc3 Nf6 4. d4 exd4 5. Nd5 Be7 6. Nxd4 Nxd5 7. exd5 Nxd4
8. Qxd4 O-O 9. Be2 d6 10. Qd3 Bf6 11. c3 Re8 12. Be3 Qe7 13. O-O Bg5 14. Bxg5
Qxe2 15. Qxe2 Rxe2 16. Rfe1 Rxe1+ 17. Rxe1 Bd7 18. Re7 Re8 19. Rxe8+ Bxe8 20.
Bd8 c6 21. Bc7 cxd5 22. Bxd6 f6 23. f4 1/2-1/2